00433nam a2200097Ia 4500008004100000100002000041245015000061260005100211650001200262856006100274160909s9999 xx 000 0 und d aLommel, Lisa L. aApplying lntersectionality and Acculturation Theories to Explain Disparities in Self-rated Health Among Asian and Hispanic Immigrants in the U.S. bUniversity of California, San Francisco.c2016 aNursing uhttp://pqdtopen.proquest.com/doc/1802526293.html?FMT=ABS